History Quiz

Random History or Country Quiz
Score 0/24 Timer 03:00
6 Plays Today
Years Modern Country % Correct
1914Mexico
90.1%
1803-1818Canada
86.8%
1899-1902; 1906-1909Cuba
82.9%
1945–1949; 1945-1990Germany
80.7%
1776-presentUnited States of America
77.7%
1945-1952; 1945-1968; 1952-1972Japan
76.5%
1944-1945France
71.7%
2003-2004; 2003-2008Iraq
64.1%
1903-1999Panama
61.9%
1898-1935; 1935-1946Philippines
58.9%
1947-1954Italy
55.8%
1945-1948South Korea
49.7%
Years Modern Country % Correct
1915-1934Haiti
49.6%
1916-1924; 1965-1966Dominican Republic
43.1%
1776The Bahamas
37.2%
1945-1955Austria
36.4%
1912-1933; 1914-1971Nicaragua
31.9%
1863-1972Honduras
27.9%
1856-1981; ?-1981Colombia
25.1%
1941-1945Denmark
23.7%
1944-1986Marshall Islands
23.2%
1941-1946Iceland
20.5%
1944-1986The Federated States of Micronesia
18.6%
1944-1994Palau
15.6%
Remove Ads.
Support Sporcle.
Get the best of Sporcle when you Go Orange. This ad-free experience offers more features, more stats, and more fun while also helping to support Sporcle. Thank you for becoming a member.

You're not logged in!

Compare scores with friends on all Sporcle quizzes.
OR
Log In

Sporcle TV

Today on Sporcle TV


Watch our educational content, quiz creation guides, and fun videos on Sporcle TV.

Show Comments

Extras

Top Quizzes Today


Score Distribution

Paid Content

Your Account Isn't Verified!

In order to create a playlist on Sporcle, you need to verify the email address you used during registration. Go to your Sporcle Settings to finish the process.

Report this User

Report this user for behavior that violates our Community Guidelines.

Details: